[Event "AUTO-ADV-1192"]
[Site "http://www.queenalice.com/game.php?id=571004"]
[Date "2009.4.12"]
[Round "2"]
[White "mteles"]
[Black "sergiomaia"]
[Result "1-0"]
[WhiteElo "1891"]
[BlackElo "1743"]

1. e4 e5 2. Nf3 d6 3. Bc4 h6 4. d4 Nc6 5. dxe5 dxe5 6. Qxd8+ Nxd8 7. Nxe5 Bd6 8.
Nf3 Be6 9. Bxe6 Nxe6 10. O-O Nf4 11. Re1 O-O-O 12. Nc3 Ne7 13. Be3 b6 14. Nb5
Nfg6 15. Nxa7+ Kb7 16. Nb5 Bf4 17. Bxf4 Nxf4 18. Rad1 Ne6 19. Ne5 Rxd1 20. Rxd1
f6 21. Rd7 Nc6 22. Ng6 Rd8 23. Rxd8 Nexd8 24. c3 Ne6 25. f4 Ka6 26. c4 Nb4 27.
a3 Nd3 28. b4 c6 29. f5 Ng5 30. Nd6 Ne5 31. Nxe5 fxe5 32. h4 Nh7 33. Kf2 Nf6 34.
Kf3 c5 35. g4 Ka7 36. g5 hxg5 37. hxg5 Nh5 38. Kg4 Nf4 39. f6 gxf6 40. gxf6 Ne6
41. Kf5 cxb4 42. axb4 Nf8 43. Kxe5 Kb8 44. c5 Kc7 45. Kd5 bxc5 46. bxc5 Nd7 47.
e5 1-0

[Event "AUTO-ADV-1192"]
[Site "http://www.queenalice.com/game.php?id=571005"]
[Date "2009.4.12"]
[Round "2"]
[White "sergiomaia"]
[Black "mteles"]
[Result "0-1"]
[WhiteElo "1730"]
[BlackElo "1918"]

1. d4 d5 2. f4 e6 3. Nf3 c5 4. e3 cxd4 5. Qxd4 Nc6 6. Qd3 Nf6 7. Nd4 Qa5+ 8. Bd2
Qb6 9. Qb3 Nxd4 10. exd4 Qxd4 11. Qb5+ Nd7 12. c3 Qb6 13. Qxb6 Nxb6 14. b3 Bd6
15. Bb5+ Bd7 16. Bxd7+ Nxd7 17. g3 O-O 18. a4 Nc5 19. b4 Nb3 20. Ra2 Nxd2 21.
Rxd2 Rfe8 22. O-O h6 23. b5 a6 24. c4 Bc5+ 25. Kg2 dxc4 26. Rc2 axb5 27. axb5
Ra5 28. Rxc4 Rxb5 29. Rfc1 b6 30. Nc3 Rb4 31. Ne4 Rxc4 32. Rxc4 Rc8 33. Nxc5
Rxc5 34. Rb4 b5 35. h4 h5 36. Kf3 Kf8 37. Rb3 Ke7 38. Ke4 f6 39. Kd4 Kd6 40. Ke4
Rc4+ 41. Kd3 Kc5 42. Ke3 b4 43. Kd3 Rd4+ 44. Ke3 Kc4 45. Rb1 Rd3+ 46. Kf2 b3 47.
Rc1+ Rc3 48. Rb1 Rc2+ 49. Ke3 b2 50. Ke4 Kc3 51. f5 exf5+ 0-1

[Event "AUTO-ADV-1192"]
[Site "http://www.queenalice.com/game.php?id=571008"]
[Date "2009.4.12"]
[Round "2"]
[White "mufra22"]
[Black "sergiomaia"]
[Result "1-0"]
[WhiteElo "1965"]
[BlackElo "1726"]

1. e4 d5 2. exd5 Qxd5 3. Nf3 Qe4+ 4. Be2 Nc6 5. Nc3 Qg6 6. O-O Bh3 7. g3 Bxf1 8.
Bxf1 O-O-O 9. Bg2 Nb4 10. d3 Nf6 11. a3 Nbd5 12. Nxd5 Nxd5 13. c4 Nb6 14. c5 Nd7
15. Be3 Qf6 16. b4 Ne5 17. Nxe5 Qxe5 18. d4 Qf6 19. Qa4 Kb8 20. b5 e5 21. dxe5
Qxe5 22. Rc1 Be7 23. c6 b6 24. Qa6 Qb2 25. Qb7# 1-0

[Event "AUTO-ADV-1192"]
[Site "http://www.queenalice.com/game.php?id=571009"]
[Date "2009.4.12"]
[Round "2"]
[White "sergiomaia"]
[Black "mufra22"]
[Result "0-1"]
[WhiteElo "1720"]
[BlackElo "1971"]

1. d4 d5 2. f4 Nc6 3. e3 Nf6 4. Nf3 Bg4 5. Be2 e6 6. h3 Bh5 7. g4 Bg6 8. Nh4 Be4
9. Bf3 Bxf3 10. Nxf3 Bd6 11. Nc3 Qe7 12. Ne5 h6 13. Nxc6 bxc6 14. Qf3 Bb4 15.
Bd2 Bxc3 16. Bxc3 Ne4 17. Ba5 Rb8 18. b3 Kd7 19. h4 Qa3 20. b4 Qc3+ 21. Ke2
Qxc2+ 22. Ke1 Qc3+ 23. Ke2 Qb2+ 24. Kd3 Qd2# 0-1

[Event "AUTO-ADV-1192"]
[Site "http://www.queenalice.com/game.php?id=571010"]
[Date "2009.4.12"]
[Round "2"]
[White "reginaldox"]
[Black "sergiomaia"]
[Result "1-0"]
[WhiteElo "1805"]
[BlackElo "1704"]

1. b4 d5 2. Bb2 d4 3. Nf3 Nc6 4. b5 Na5 5. Nxd4 Qd5 6. e3 e5 7. Nf3 e4 8. Nd4
Nc4 9. Bxc4 Qxc4 10. c3 Bd7 11. a4 Nf6 12. Ba3 Bxa3 13. Nxa3 Qd5 14. O-O O-O 15.
c4 Qh5 16. Qxh5 Nxh5 17. f3 exf3 18. Rxf3 Bg4 19. Rff1 Nf6 20. h3 Bh5 21. g4 Bg6
22. Rad1 Bd3 23. Rf2 Ne4 24. Rg2 Nd6 25. c5 Nc4 26. Nxc4 Bxc4 27. d3 Bd5 28. e4
Be6 29. Nf5 Bb3 30. Ra1 Rad8 31. Rd2 Rd7 32. Ra3 Bc4 33. d4 Rfd8 34. d5 Bxd5 35.
exd5 Rxd5 36. Rxd5 Re8 37. Kf2 g6 38. Ng3 Re7 39. Re3 Rxe3 40. Kxe3 1-0

[Event "AUTO-ADV-1192"]
[Site "http://www.queenalice.com/game.php?id=571011"]
[Date "2009.4.12"]
[Round "2"]
[White "sergiomaia"]
[Black "reginaldox"]
[Result "1-0"]
[WhiteElo "1692"]
[BlackElo "1816"]

1. d4 Nf6 2. f4 g6 3. e3 d5 4. Nf3 Bg7 5. Ne5 O-O 6. Nc3 Nbd7 7. Nxd7 Bxd7 8. g4
Bxg4 9. Be2 Qd7 10. Bxg4 Qxg4 11. Qxg4 Nxg4 12. Nxd5 e6 13. Nxc7 Rac8 14. Nb5
Rxc2 15. h3 Nf6 16. Nxa7 Nh5 17. Kd1 Rg2 18. a4 Ra8 19. Nb5 Ng3 20. Re1 Ne4 21.
Re2 Rg1+ 22. Re1 Nf2+ 23. Ke2 Nxh3 24. Rxg1 Nxg1+ 25. Kf2 Nh3+ 26. Kg2 Nxf4+ 27.
exf4 Rc8 28. Nd6 Rc2+ 29. Kf3 Bxd4 30. Nxb7 Rf2+ 31. Ke4 Ba7 32. Rb1 f5+ 33. Ke5
Kf7 34. b4 Re2+ 35. Kd6 Bb8+ 36. Kc6 Rc2+ 37. Nc5 Ke7 38. a5 Bd6 39. a6 Ra2 40.
Kb7 Kd8 41. a7 1-0

[Event "dreamer"]
[Site "http://www.queenalice.com/game.php?id=588038"]
[Date "2009.5.14"]
[Round "1"]
[White "patrick"]
[Black "sergiomaia"]
[Result "0-1"]
[WhiteElo "1560"]
[BlackElo "1772"]

1. e4 d5 2. Nc3 d4 3. Nb5 a6 4. Na3 Nc6 5. Nh3 Bxh3 6. gxh3 Ne5 7. f4 Ng6 8. f5
Nf4 9. Rg1 g6 10. d3 e6 11. Bxf4 Bd6 12. Bg5 f6 13. Bh4 g5 14. Bg3 exf5 15. exf5
h5 16. Qe2+ Qe7 17. c3 Qxe2+ 18. Bxe2 Bxa3 19. Bf3 Bxb2 20. Rb1 Bxc3+ 21. Kd1 c6
22. Rxb7 Rc8 23. Re1+ Bxe1 24. Kxe1 c5 25. Bd6 Nh6 26. Re7+ Kd8 27. Bb7 Nxf5 28.
Rf7 Nxd6 29. Rg7 Nxb7 30. Rxb7 Rf8 31. a4 Rc6 32. Rh7 h4 33. a5 Rc7 34. Rh6 Re7+
35. Kd2 Re3 36. Kc2 Rxh3 37. Kb3 Rxd3+ 38. Kc4 Ra3 39. Kxc5 Rxa5+ 40. Kb6 Ra2
41. Kc6 Rxh2 42. Rh7 Rc2+ 43. Kd6 Kc8 44. Rd7 d3 45. Ke6 Re8+ 46. Re7 Rxe7+ 47.
Kxe7 d2 48. Kxf6 d1=Q 49. Kxg5 Qg1+ 50. Kxh4 Rh2# 0-1

[Event "Challenge"]
[Site "http://www.queenalice.com/game.php?id=589024"]
[Date "2009.5.16"]
[Round "-"]
[White "sergiomaia"]
[Black "garca"]
[Result "1-0"]
[WhiteElo "1753"]
[BlackElo "1831"]

1. d4 d5 2. Nc3 e6 3. e4 dxe4 4. Nxe4 Be7 5. Qd2 Nc6 6. c3 Nf6 7. Nxf6+ Bxf6 8.
Qf4 h6 9. Qg3 O-O 10. Bxh6 Kh7 11. Bf4 Bh4 12. Qh3 e5 13. Qd3+ f5 14. dxe5 Qe7
15. Nf3 Bf6 16. O-O-O Rd8 17. Nd4 Bxe5 18. Bxe5 Qxe5 19. Nxc6 Qf4+ 20. Qe3 Rxd1+
21. Kxd1 Qxe3 22. fxe3 bxc6 23. Be2 Be6 24. a3 Bb3+ 25. Kc1 Re8 26. Kd2 Bd5 27.
Rg1 c5 28. Bb5 c6 29. Ba6 c4 30. g3 g5 31. Rf1 Kg6 32. h3 Bg2 33. Rf2 Bxh3 34.
Bxc4 Bg4 35. b4 Rd8+ 36. Bd3 Kf6 37. e4 Ke6 38. exf5+ Bxf5 39. Rxf5 Rxd3+ 40.
Kxd3 Kxf5 41. Ke3 Ke5 42. c4 g4 43. a4 a6 44. b5 axb5 45. axb5 cxb5 46. cxb5 Kd5
47. Kf4 Kc5 48. Kxg4 1-0

[Event "Challenge"]
[Site "http://www.queenalice.com/game.php?id=592461"]
[Date "2009.5.22"]
[Round "-"]
[White "sergiomaia"]
[Black "Menes"]
[Result "1-0"]
[WhiteElo "1814"]
[BlackElo "1567"]

1. d4 c5 2. dxc5 e6 3. b4 Nc6 4. c3 Nxb4 5. cxb4 Qf6 6. Nc3 Qxc3+ 7. Bd2 Qc4 8.
e3 Qe4 9. Nf3 Be7 10. Nd4 Bh4 11. Nb5 Bxf2+ 12. Kxf2 Ke7 13. Nd6 Qh4+ 14. g3
Qf6+ 15. Kg2 Nh6 16. Bd3 g6 17. e4 b6 18. Nxc8+ Raxc8 19. cxb6 axb6 20. Bxh6 1-0

[Event "Q tal uma taka??"]
[Site "http://www.queenalice.com/game.php?id=598969"]
[Date "2009.6.5"]
[Round "-"]
[White "sergiomaia"]
[Black "WelintonMaia"]
[Result "1-0"]
[WhiteElo "1798"]
[BlackElo "1808"]

1. d4 d5 2. Nc3 Bf5 3. Nf3 e6 4. e3 Bb4 5. Bd2 Nf6 6. Nh4 Bg4 7. f3 Bh5 8. g4
Bg6 9. Nxg6 hxg6 10. Nb5 Bxd2+ 11. Qxd2 a6 12. Qa5 b6 13. Qa4 Nc6 14. Na7 Rxa7
15. Qxc6+ Nd7 16. Qa4 O-O 17. Bxa6 Qa8 18. Qxd7 Rxa6 19. a3 c6 20. O-O Ra7 21.
Qd6 Ra5 22. Ra2 b5 23. Rfa1 Rd8 24. Qc5 Rb8 25. b4 Ra4 26. c3 Kh7 27. g5 f6 28.
gxf6 gxf6 29. Qe7+ Kh6 30. Qxf6 Rf8 31. Qh4+ Kg7 32. f4 Qb8 33. Qe7+ Rf7 34.
Qxe6 Raa7 35. Qxc6 Rad7 36. Qe6 Rf6 37. Qe5 Rd6 38. Rg2 Kf7 39. Qg5 Rf5 40. Qh6
Rh5 41. Qxh5 gxh5 42. Rg5 Rg6 43. h4 Qe8 44. Kf2 Rxg5 45. hxg5 Qe4 46. a4 Qc2+
47. Kf3 bxa4 48. b5 Qb3 49. b6 Qxb6 50. Rxa4 Qb3 51. Ra5 Ke6 52. Ra6+ Kf5 53.
Rf6# 1-0

[Event "Brsl 23"]
[Site "http://www.queenalice.com/game.php?id=599506"]
[Date "2009.6.6"]
[Round "-"]
[White "Ozimarjr"]
[Black "sergiomaia"]
[Result "1-0"]
[WhiteElo "1291"]
[BlackElo "1820"]

1. e4 d5 2. Qe2 d4 3. Qd3 e5 4. Qb5+ Nc6 5. Qd5 Qxd5 6. exd5 Nb4 7. Bb5+ c6 8.
dxc6 Nxc2+ 9. Kd1 bxc6 10. Bxc6+ Kd8 11. Kxc2 Bf5+ 12. d3 Rc8 13. Bg5+ f6 14.
Bh4 Rxc6+ 15. Kd2 Bb4+ 16. Nc3 Bxc3+ 17. bxc3 Rxc3 18. Rb1 Rxd3+ 19. Ke2 Rd2+
20. Kxd2 Bxb1 21. a4 Ne7 22. Nf3 Ba2 23. Ra1 Bc4 24. Rb1 Kc7 25. Rb4 Bd5 26.
Nxd4 exd4 27. Rxd4 Rd8 28. g4 Bf3 29. Ke3 Rxd4 30. Kxd4 Bxg4 31. Bg3+ Kb6 32.
Ke4 Bd7 33. f4 Bxa4 34. Bf2+ Kb7 35. h4 a5 36. Bc5 Ng6 37. h5 Nh4 38. f5 Bc2+
39. Kf4 g6 40. Kg3 1-0

[Event "Challenge"]
[Site "http://www.queenalice.com/game.php?id=599647"]
[Date "2009.6.7"]
[Round "-"]
[White "garca"]
[Black "sergiomaia"]
[Result "1-0"]
[WhiteElo "1753"]
[BlackElo "1774"]

1. e4 d5 2. exd5 Qxd5 3. Nc3 Qe5+ 4. Qe2 Qxe2+ 5. Bxe2 c6 6. h3 Nf6 7. d3 Na6 8.
a3 e6 9. Nf3 Nd5 10. Bd2 Nxc3 11. Bxc3 Nc7 12. b4 Nd5 13. Bb2 Nf4 14. Bf1 f6 15.
g3 Nd5 16. c4 Nb6 17. c5 Nd5 18. Kd2 b6 19. d4 b5 20. Bd3 a5 21. Be4 axb4 22.
Bxd5 exd5 23. axb4 Rxa1 24. Rxa1 Bf5 25. Ra8+ Kf7 26. Ra7+ Ke6 27. Rc7 Be7 28.
Rxc6+ Kf7 29. g4 Be4 30. Ng1 Rb8 31. f3 Bb1 32. Ne2 Ba2 33. Nc3 Bc4 34. Ke3 g5
35. f4 Kg6 36. f5+ Kf7 37. Kf2 h5 38. gxh5 Rh8 39. Rb6 Bd8 40. Rb8 Ke7 41. Nxb5
Bxb5 42. Rxb5 Rxh5 43. Kg2 Rh4 44. Rb7+ Ke8 45. c6 Re4 46. Kf3 Re7 47. Rxe7+
Kxe7 48. b5 Kd6 49. Ba3+ Kc7 50. Bc5 Kb8 51. h4 gxh4 52. Kg4 Ba5 53. Kxh4 Kc7
54. Kh5 Bd2 55. Kg6 Bg5 56. Be7 Kb6 57. Bxf6 Bf4 58. Be5 Bd2 59. Bd6 Ba5 60.
Bc5+ Kxb5 61. f6 Kxc6 62. f7 Kb5 63. f8=Q Bc3 64. Qb8+ Kc4 65. Kf5 Bxd4 66. Bxd4
Kxd4 67. Ke6 Ke4 68. Qe5+ Kd3 69. Kxd5 Kd2 70. Qg3 Ke2 71. Kd4 Kd2 72. Qd3+ Ke1
73. Qc2 Kf1 74. Ke3 Kg1 75. Kf3 Kf1 76. Qf2# 1-0

[Event "Challenge"]
[Site "http://www.queenalice.com/game.php?id=605246"]
[Date "2009.6.17"]
[Round "-"]
[White "WelintonMaia"]
[Black "sergiomaia"]
[Result "1-0"]
[WhiteElo "1801"]
[BlackElo "1757"]

1. e4 d5 2. exd5 Qxd5 3. Nc3 Qe5+ 4. Be2 Bg4 5. h3 Bxe2 6. Ngxe2 Nc6 7. O-O Nd4
8. d3 Nxe2+ 9. Nxe2 Nf6 10. d4 Qd6 11. Bf4 Qb6 12. b3 O-O-O 13. c3 Nd5 14. Bg3
Qc6 15. c4 Nf6 16. Qd2 Ne4 17. Qe3 Nxg3 18. Nxg3 Qb6 19. c5 Qb4 20. Rfd1 e6 21.
a3 Qb5 22. b4 Be7 23. d5 Rxd5 24. Rxd5 exd5 25. Qxe7 Qd7 26. Qg5 f6 27. Qh5 g6
28. Qf3 Qe6 29. b5 Qe5 30. Rd1 c6 31. a4 a6 32. Qg4+ f5 33. Qb4 f4 34. bxc6 bxc6
35. Re1 Qc7 36. Ne2 a5 37. Qd4 Re8 38. Qd3 g5 39. Qa6+ Kd7 40. f3 Re3 41. Rb1
Ke6 42. Nd4+ Ke5 43. Nxc6+ Kf5 44. Rb7 Qc8 45. Rf7+ Kg6 46. Qxc8 Kxf7 47. Nd8+
Kg6 48. c6 d4 49. c7 d3 50. Kf2 Re2+ 51. Kf1 Re3 52. Qe6+ Rxe6 53. Nxe6 Kf5 54.
c8=Q Ke5 55. Qd7 h6 56. Nc5 d2 57. Ke2 h5 58. Kxd2 h4 59. Kd3 g4 60. Qe6# 1-0

[Event "dreamer"]
[Site "http://www.queenalice.com/game.php?id=614771"]
[Date "2009.7.7"]
[Round "2"]
[White "Huruka"]
[Black "sergiomaia"]
[Result "1-0"]
[WhiteElo "2058"]
[BlackElo "1733"]

1. e4 d5 2. exd5 Qxd5 3. Nc3 Qe5+ 4. Qe2 Qxe2+ 5. Bxe2 Nf6 6. Nf3 c6 7. O-O Nbd7
8. d4 Nb6 9. b3 Nbd5 10. Bb2 Nb4 11. Bd3 g6 12. Rad1 Nfd5 13. Nxd5 Nxd5 14. c3
Nf4 15. Bc2 Bg4 16. Rde1 Bxf3 17. gxf3 e6 18. Bc1 Bh6 19. Ba3 Nh3+ 20. Kh1 Nf4
21. Bd6 O-O-O 22. Bxf4 Bxf4 23. Re2 Rd5 24. Rg1 1-0

[Event "Challenge"]
[Site "http://www.queenalice.com/game.php?id=683160"]
[Date "2009.11.14"]
[Round "-"]
[White "thedead"]
[Black "sergiomaia"]
[Result "0-1"]
[WhiteElo "1595"]
[BlackElo "1722"]

1. e4 d5 2. e5 d4 3. Bd3 Nc6 4. Nf3 Qd5 5. Qe2 Bg4 6. c3 Bxf3 7. gxf3 dxc3 8.
Nxc3 Qxe5 9. Ne4 Nd4 10. Qe3 f5 11. f4 Qd5 12. Nc3 Qxh1+ 0-1

[Event "Pra relembrar"]
[Site "http://www.queenalice.com/game.php?id=685869"]
[Date "2009.11.19"]
[Round "-"]
[White "sergiomaia"]
[Black "WelintonMaia"]
[Result "0-1"]
[WhiteElo "1733"]
[BlackElo "1806"]

1. d4 d5 2. Nc3 Bf5 3. Nf3 Nc6 4. Qd2 Nf6 5. Qf4 a6 6. Qxf5 Nb4 7. a3 e6 8. Qe5
Nxc2+ 9. Kd1 Nxa1 10. Nd2 Ng4 11. Qg3 h5 12. b4 Qf6 13. f3 Ne3+ 14. Ke1 Nac2+
15. Kf2 Qxd4 16. Kg1 Qxc3 17. Ne4 dxe4 18. fxe4 a5 19. Bxe3 Nxe3 20. Kf2 Nd1+
21. Kg1 Qd4+ 22. e3 Qxe4 23. bxa5 Bc5 24. Be2 Nxe3 25. Qf3 Ng4+ 26. Kf1 Qb1+ 27.
Bd1 Ne3+ 28. Ke2 O-O-O 29. g3 Rxd1 30. Rxd1 Qxd1+ 31. Kf2 Qc2+ 32. Kg1 Rd8 33.
h4 Rd1+ 34. Qxd1 Qg2# 0-1

[Event "Challenge"]
[Site "http://www.queenalice.com/game.php?id=703663"]
[Date "2009.12.26"]
[Round "-"]
[White "sergiomaia"]
[Black "thedead"]
[Result "1-0"]
[WhiteElo "1720"]
[BlackElo "1274"]

1. d4 d5 2. Nc3 e6 3. e4 dxe4 4. Nxe4 Be7 5. Nc3 h6 6. Bf4 Nf6 7. Nb5 Nd5 8. Qf3
c6 9. Nc3 O-O 10. Nxd5 exd5 11. Qg3 1-0

[Event "Challenge"]
[Site "http://www.queenalice.com/game.php?id=717304"]
[Date "2010.1.20"]
[Round "-"]
[White "sergiomaia"]
[Black "augustoluizheck"]
[Result "0-1"]
[WhiteElo "1722"]
[BlackElo "1124"]

1. d4 f5 2. Nc3 Nf6 3. Qd3 e6 4. e4 fxe4 5. Nxe4 d5 6. Nxf6+ Qxf6 7. Be3 Nc6 8.
Qc3 Bb4 9. Bd2 Bxc3 10. Bxc3 Nxd4 11. Ne2 O-O 12. Bxd4 e5 13. Be3 d4 14. Bd2
Qxf2+ 15. Kd1 Bf5 16. Ng3 Bg4+ 17. Kc1 Rad8 18. b3 d3 19. cxd3 Rxd3 20. Bxd3
Qxg2 21. Kc2 Qc6+ 22. Bc4+ Kh8 23. Kb2 Rf2 24. Kc1 b5 25. Be1 Re2 26. Nxe2 bxc4
27. Ng3 cxb3+ 28. Kb2 Qc2+ 29. Ka3 b2 30. Ba5 bxa1=Q 31. Rxa1 Qd3+ 0-1

[Event "Challenge"]
[Site "http://www.queenalice.com/game.php?id=722988"]
[Date "2010.1.30"]
[Round "-"]
[White "Wettkampf"]
[Black "sergiomaia"]
[Result "0-1"]
[WhiteElo "1448"]
[BlackElo "1692"]

1. e4 d5 2. e5 Nc6 3. d4 e6 4. Nf3 Bb4+ 5. c3 Ba5 6. b4 Bb6 7. g3 Nge7 8. Bb5 a6
9. Bxc6+ Nxc6 10. O-O O-O 11. Nh4 g5 12. Qg4 h6 13. Nf3 f6 14. exf6 Qxf6 15. Bf4
Kh7 16. Be5 Qxf3 17. Qxf3 Rxf3 18. Nd2 Rxc3 19. a3 Rd3 20. Rad1 Nxd4 21. a4 Nf3+
22. Nxf3 Rxf3 23. Rd2 Bd7 24. Kg2 Raf8 25. a5 Be3 26. Re2 Bb5 27. Rxe3 Bxf1+ 28.
Kxf1 Rxe3 29. Bxc7 Ra3 30. b5 Ra2 31. f4 Rxh2 32. g4 gxf4 33. b6 Ra2 34. Be5 Rg8
35. Bxf4 Rc8 36. Bc7 Rf8+ 0-1

[Event "Challenge"]
[Site "http://www.queenalice.com/game.php?id=760420"]
[Date "2010.4.13"]
[Round "-"]
[White "sergiomaia"]
[Black "WelintonMaia"]
[Result "1/2-1/2"]
[WhiteElo "1698"]
[BlackElo "1780"]

1. d4 d5 2. Nc3 Nf6 3. e3 Nc6 4. Nge2 e6 5. Nf4 h6 6. Bb5 Qd6 7. a3 a6 8. Bd3
Be7 9. O-O O-O 10. b4 e5 11. dxe5 Nxe5 12. Be2 Bg4 13. Bxg4 Nfxg4 14. Nfxd5 Rad8
15. f4 Nc4 16. Nxe7+ Qxe7 17. Nd5 Qh4 18. h3 Ngxe3 19. Bxe3 Nxe3 20. Qe1 Qxe1
21. Raxe1 Nxf1 22. Ne7+ Kh7 23. Rxf1 Rd2 24. c4 Ra2 25. Rf3 Rd8 26. Nd5 c6 27.
Ne7 h5 28. h4 g6 29. f5 Re8 30. fxg6+ fxg6 31. Rf7+ Kh6 32. Nxg6 Kxg6 33. Rxb7
Rxa3 34. Rb6 Kf5 35. Rxc6 Rg8 36. Rc5+ Kg4 37. b5 axb5 38. cxb5 Kg3 39. Kf1 Re8
40. Rg5+ Kxh4 41. Rd5 Kg4 42. b6 Kg3 43. Rg5+ Kh2 44. Kf2 Ra2+ 45. Kf3 Rf8+ 46.
Ke3 Rxg2 47. Rxh5+ Kg1 48. Kd4 Ra8 49. Kc4 Rb2 50. Rh6 Ra6 51. Kc5 Kf1 52. Re6
Ra5+ 53. Kc6 Rab5 54. Kc7 Kf2 55. Kb7 Kf3 56. Kc7 Kf4 57. Kb7 Kf5 58. Rd6 Ke5
59. Kc7 Rd5 60. Rxd5+ Kxd5 61. b7 Rc2+ 62. Kd8 Rb2 63. Kc7 Rxb7+ 64. Kxb7 Kc5
1/2-1/2

[Event "Challenge"]
[Site "http://www.queenalice.com/game.php?id=916322"]
[Date "2011.3.23"]
[Round "-"]
[White "Saintsalles"]
[Black "sergiomaia"]
[Result "0-1"]
[WhiteElo "1634"]
[BlackElo "1701"]

1. e4 d5 2. e5 d4 3. d3 Nc6 4. Bf4 Qd5 5. Be2 Nxe5 6. Nf3 Nxf3+ 7. Bxf3 Qe6+ 8.
Be4 f5 9. O-O fxe4 10. dxe4 Qxe4 11. Bxc7 Nf6 12. Re1 Qc6 13. Be5 b6 14. Bxd4
Bb7 15. f3 O-O-O 16. c3 Ng4 17. Qc2 e5 18. Bf2 Nxf2 19. Kxf2 Qh6 20. Kg1 Qg5 21.
Re2 Bxf3 22. Re1 Bc5+ 23. Kh1 Qh4 24. b4 Qxe1# 0-1

[Event "Challenge"]
[Site "http://www.queenalice.com/game.php?id=926393"]
[Date "2011.4.15"]
[Round "-"]
[White "sergiomaia"]
[Black "WelintonMaia"]
[Result "1-0"]
[WhiteElo "1714"]
[BlackElo "1761"]

1. e4 e5 2. Nf3 Nc6 3. d4 exd4 4. Nxd4 Nxd4 5. Qxd4 d6 6. e5 Be7 7. Bb5+ Bd7 8.
Bxd7+ Qxd7 9. exd6 Bxd6 10. O-O Nf6 11. Re1+ Be7 12. Qxd7+ Nxd7 13. Nc3 f6 14.
Nd5 Ne5 15. Nxc7+ Kf7 16. Nxa8 Rxa8 17. Bf4 Bd6 18. Rad1 Ke6 19. a3 Rc8 20. Rd2
Kf5 21. Be3 Ng4 22. Rxd6 Rxc2 23. Rd5+ Kg6 24. Rb5 b6 25. h3 Ne5 26. Bd4 Nc4 27.
Re7 a6 28. Rb4 a5 29. Rb5 h5 30. Bxb6 Nxb2 31. Rxa5 Nd3 32. Raa7 Rc1+ 33. Kh2
Nf4 34. Rxg7+ Kf5 35. Be3 Rc4 36. Bxf4 Rxf4 37. Ra6 Rxf2 38. Rf7 Kg5 39. Rfxf6
Rxf6 40. Rxf6 Kxf6 41. a4 Ke6 42. a5 Kd7 43. Kg3 Kc6 44. Kh4 Kb5 45. Kxh5 Kxa5
46. Kg6 1-0

[Event "Let's Play Chess!"]
[Site "http://www.queenalice.com/game.php?id=936890"]
[Date "2011.5.11"]
[Round "-"]
[White "igorjava"]
[Black "sergiomaia"]
[Result "1-0"]
[WhiteElo "1896"]
[BlackElo "1732"]

1. e4 d5 2. exd5 Qxd5 3. d4 Qe4+ 4. Ne2 Nf6 5. Nc3 Qf5 6. Ng3 Qe6+ 7. Be2 Nd5 8.
Nxd5 Qxd5 9. O-O Nc6 10. c3 e6 11. f4 Bd7 12. Be3 O-O-O 13. b4 Ne7 14. c4 Qd6
15. c5 Qc6 16. a4 Nd5 17. Qb3 Nxe3 18. Qxe3 Qd5 19. b5 Be8 20. Rfd1 g6 21. b6
axb6 22. cxb6 cxb6 23. Bf3 Qa5 24. Rac1+ 1-0